• 首页
  • 本馆介绍
  • 公告通知
  • 最新文献
  • 馆藏检索
  • 电子资源
  • 读者导购
  • 参考咨询
  • 我的图书馆
  • 登录
  • 详细信息显示
  • 放入我的书架
  • 预约/预借图书
  • 作者相关作品
  • 分类相关作品
  • 丛书相关作品
  • 出版社相关作品

书目信息

  • 表格格式
  • 工作单格式
  • 卡片格式
题名:
办公自动化
    
 
作者: 梁士伦 主编
分册:  
出版信息: 北京   机械工业出版社  2004
页数: 225页
开本: 26cm
丛书名:
单 册:
中图分类: C931.4
科图分类:
主题词: 办公室--工作
电子资源:
ISBN: 7-111-15299-9
000 00623nnam 2200217 45
001 0196007268
005 20070717162219.35
010    @a7-111-15299-9@dCNY22.00
100    @a19950620d2004 y0chiy0121 ea
101 0  @achi
102    @aCN@b110000
105    @ay z 000yy
200 10 @a办公自动化@ABAN GONG ZI DONG HUA@f梁士伦等主编@Fliang shi lun deng zhu bian
210    @a北京@c机械工业出版社@d2004@h2006
215    @a225页@d26cm
300    @a高等院校规划教材
606    @a办公室@x工作
690    @aC931.4@v3
701  0 @a梁士伦@Aliang shi lun@4主编
801  0 @aCN@bNLC@c20070717
905    @f1@b264321@dC931.4@e357
    
    办公自动化/梁士伦等主编.-北京:机械工业出版社,2004(2006)
    225页;26cm
    高等院校规划教材
    
    ISBN 7-111-15299-9:CNY22.00
    
●
相关链接 在E读中查询图书 在五车中查询图书 在当当中查询图书 在豆瓣中查询图书


正题名:办公自动化     索取号:C931.4/357         预约/预借

序号 登录号 条形码 馆藏地/架位号 状态 备注
1 0778121   207781211   密集书库/ [索取号:C931.4/357] 在馆    
2 0778560   207785609   密集书库/ [索取号:C931.4/357] 在馆    
3 0779143   207791433   密集书库/ [索取号:C931.4/357] 在馆    
唐山师范学院图书馆 欢迎您!
大连网信软件有限公司© 版权所有